000 00882cam a22002533a 4500
001 6934
003 PGUSA
005 20140828083138.0
008 041101s2004||||xxu|||||s|||||000 | eng d
040 _aPGUSA
_beng
042 _adc
050 4 _aTK
100 1 _aCollins, A. Frederick
_q(Archie Frederick),
_d1869-
245 1 4 _aThe Radio Amateur's Hand Book :
_bA Complete, Authentic and Informative Work on Wireless Telegraphy and Telephony
_h[electronic resource] /
_cA. Frederick Collins
260 _bProject Gutenberg,
_c2004
500 _aText only, see #6935 for HTML with images (this book is very difficult to read without the images!)
506 _aPublic domain in the USA.
516 _aElectronic text
653 _aTelegraph, Wireless
653 _aRadio
830 0 _aProject Gutenberg
_v6934
856 4 0 _uhttp://www.gutenberg.org/ebooks/6934
942 _cEB
999 _c236254
_d236254